Segment Reporting in the Position of Efficient Instrument of an Enterprise Management

Podstata, definícia a princípy merania výkonnosti vykazovania podľa segmentov. Zodpovednosť za účtovné a organizačné riadenie podniku: nákladové investičné strediská a zisk centier. Segmentácia správy na základe marketingových štruktúr.

Guardado en:
Detalles Bibliográficos
Autor principal: Dubcová, Gabriela, 1968-
Otros Autores: Grančičová, Katarína, 1967-, Štetka, Peter, 1986-
Formato: Capítulo de libro
Lenguaje:inglés
Materias:
Etiquetas: Agregar Etiqueta
Sin Etiquetas, Sea el primero en etiquetar este registro!

MARC

LEADER 00000nla a2200000 4500
001 0212885
005 20240522134943.8
041 0 |a eng 
044 |a CZ 
245 1 0 |a Segment Reporting in the Position of Efficient Instrument of an Enterprise Management  |c Gabriela Dubcová, Katarína Grančičová, Peter Štetka 
520 |a Podstata, definícia a princípy merania výkonnosti vykazovania podľa segmentov. Zodpovednosť za účtovné a organizačné riadenie podniku: nákladové investičné strediská a zisk centier. Segmentácia správy na základe marketingových štruktúr. 
610 2 0 |a meranie výkonnosti 
610 2 0 |a hospodárnosť 
610 2 0 |a efektívnosť 
610 2 0 |a produktivita 
610 2 0 |a správanie organizačné 
610 2 0 |a riadenie výkonov 
610 2 0 |a výsledok hospodársky 
610 2 0 |a zisk 
100 1 |a Dubcová, Gabriela, 1968- 
700 1 |a Grančičová, Katarína, 1967- 
700 1 |a Štetka, Peter, 1986-